Spikselizowana mapa USA - Statystyki

Ogólne statystyki
  • Ten quiz został rozwiązany 373 razy
  • Średni wynik to 202 z 332
Odpowiedzi na mapie
Odpowiedzi zakodowano w zielono-czerwonej skali na mapie do tego quizu, zgodnie z poniższymi procentami.
 
Statystyki odpowiedzi
State % Poprawnych
Alaska
90%
Teksas
88%
Kalifornia
87%
Floryda
84%
Waszyngton
83%
Hawaje
79%
Nowy Jork
79%
Nowy Meksyk
69%
Arizona
65%
Ohio
65%
Dakota Północna
64%
Nevada
64%
Karolina Północna
63%
Karolina Południowa
63%
Dakota Południowa
62%
Kolorado
58%
Alabama
57%
Oregon
56%
Utah
56%
Montana
55%
Michigan
54%
Georgia
53%
Idaho
52%
Mississippi
52%
Wirginia
51%
Luizjana
50%
Kansas
48%
Illinois
46%
Kentucky
46%
Missouri
46%
Nebraska
46%
Arkansas
45%
Maine
45%
Oklahoma
45%
Pennsylwania
45%
Wyoming
45%
Iowa
43%
Minnesota
43%
Indiana
41%
Wirginia Zachodnia
39%
Tennessee
38%
Wisconsin
37%
Vermont
35%
Maryland
29%
Massachusetts
25%
Connecticut
24%
Nie znaleziono quizów pasujących do podanych kryteriów
Rozkład punktacji
Procent ludzi z każdym wynikiem
Percentyl według liczby udzielonych odpowiedzi
Twoja historia wyników
Nie rozwiązałeś tego quizu